[Event "BIH-chT 18th"]
[Site "Tuzla"]
[Date "2019.06.13"]
[Round "6.5"]
[White "Popovic, Darko"]
[Black "Maric, Bozo"]
[Result "1/2-1/2"]
[WhiteElo "2156"]
[BlackElo "2247"]
[PlyCount "97"]
[EventDate "2019.06.08"]
[EventType "team-tourn"]
[EventRounds "9"]
[EventCountry "BIH"]
[SourceTitle "CBM 190 Extra"]
[Source "ChessBase"]
[SourceDate "2019.07.15"]
[SourceVersion "1"]
[SourceVersionDate "2019.07.15"]
[SourceQuality "1"]
[WhiteTeam "Zenica Napredak"]
[BlackTeam "Trebinje Leotar"]
[WhiteTeamCountry "BIH"]
[BlackTeamCountry "BIH"]

1. e4 d6 2. d4 Nf6 3. Nc3 g6 4. f4 Bg7 5. Nf3 0-0 6. e5 dxe5 7. fxe5 Nd5 8. Ne4 Bf5 9. Ng3 Bg4 10. c4 Nb6 11. Be3 c5 12. d5 Bxe5 13. Qc2 Bxf3 14. gxf3 Na6 15. Rd1 Nd7 16. f4 Bg7 17. Kf2 Qb6 18. a3 Nf6 19. Be2 e6 20. Bf3 exd5 21. cxd5 Rfe8 22. Rhe1 Qd6 23. f5 Rac8 24. Qd2 b6 25. Bf4 Qd7 26. Kg2 Nc7 27. a4 Rxe1 28. Qxe1 Qxa4 29. Bg5 Nb5 30. Bxf6 Bxf6 31. Ne4 Bg7 32. d6 Nd4 33. Qh4 Qc2+ 34. Rd2 Qb3 35. d7 Qxf3+ 36. Kg1 Qe3+ 37. Kf1 Qf3+ 38. Kg1 Qe3+ 39. Kf1 Qf3+ 40. Nf2 Rf8 41. d8Q Rxd8 42. Qxd8+ Bf8 43. fxg6 hxg6 44. Qg5 Nf5 45. Re2 Bh6 46. Qd8+ Kg7 47. Re8 Ne3+ 48. Ke1 Ng2+ 49. Kf1 1/2-1/2

[Event "BIH-chT 18th"]
[Site "Tuzla"]
[Date "2019.06.12"]
[Round "5.1"]
[White "Narancic, Vlado"]
[Black "Maric, Bozo"]
[Result "1-0"]
[WhiteElo "2288"]
[BlackElo "2247"]
[PlyCount "75"]
[EventDate "2019.06.08"]
[EventType "team-tourn"]
[EventRounds "9"]
[EventCountry "BIH"]
[SourceTitle "CBM 190 Extra"]
[Source "ChessBase"]
[SourceDate "2019.07.15"]
[SourceVersion "1"]
[SourceVersionDate "2019.07.15"]
[SourceQuality "1"]
[WhiteTeam "Busovaca Hrasno"]
[BlackTeam "Trebinje Leotar"]
[WhiteTeamCountry "BIH"]
[BlackTeamCountry "BIH"]

1. Nf3 c5 2. g3 Nc6 3. Bg2 g6 4. d3 Bg7 5. c3 e5 6. Nbd2 d5 7. Qc2 Nge7 8. 0-0 0-0 9. e4 d4 10. cxd4 cxd4 11. a4 Nb4 12. Qb3 Nec6 13. Nc4 a5 14. Bd2 h6 15. Ne1 Be6 16. f4 f5 17. exf5 gxf5 18. fxe5 Nxe5 19. Bxb4 axb4 20. Qxb4 Nxc4 21. dxc4 d3 22. Rd1 Qd4+ 23. Kh1 Qxc4 24. Rf4 Qa2 25. Nxd3 Rfd8 26. Rff1 Rxa4 27. Qxb7 Rad4 28. Nb4 Rxd1 29. Nxa2 Bc4 30. Qf3 Rxf1+ 31. Bxf1 Bxa2 32. Bg2 Bb1 33. b4 Bc2 34. h4 Rd2 35. Qe3 Rd1+ 36. Kh2 Rb1 37. Qe8+ Kh7 38. Bd5 1-0

[Event "MNT-chT"]
[Site "Montenegro"]
[Date "2017.09.27"]
[Round "5.1"]
[White "Maric, Bozo"]
[Black "Perovic, Vladimir"]
[Result "1-0"]
[WhiteElo "2228"]
[BlackElo "2183"]
[PlyCount "105"]
[EventDate "2017.09.23"]
[EventType "team"]
[EventRounds "9"]
[EventCountry "MNE"]
[SourceTitle "EXT 2019"]
[Source "ChessBase"]
[SourceDate "2018.10.10"]
[SourceVersion "1"]
[SourceVersionDate "2018.10.10"]
[SourceQuality "1"]
[WhiteTeam "Mimoza"]
[BlackTeam "Niksic"]
[WhiteTeamCountry "MNE"]
[BlackTeamCountry "MNE"]

1. d4 Nf6 2. c4 c5 3. Nf3 cxd4 4. Nxd4 d6 5. Nc3 a6 6. e4 e6 7. Be2 Be7 8. Be3 Nbd7 9. 0-0 Nc5 10. f3 0-0 11. Rc1 e5 12. Nf5 Bxf5 13. exf5 Nh5 14. b4 Nd7 15. Qd2 Nf4 16. Bd1 Nb6 17. Bb3 Rc8 18. g3 Nh5 19. Ne4 g6 20. fxg6 hxg6 21. Rfd1 Rc6 22. c5 dxc5 23. Qb2 Qc7 24. bxc5 Nd7 25. Bd5 Rxc5 26. Nxc5 Bxc5 27. Bxc5 Nxc5 28. Qc2 b6 29. Qxg6+ Ng7 30. Rc4 e4 31. fxe4 b5 32. Rc2 Qa7 33. Rf2 Nce6 34. Bxe6 fxe6 35. Rdf1 b4 36. Kg2 Rxf2+ 37. Rxf2 a5 38. h4 Qe7 39. h5 Qe8 40. Rc2 Qxg6 41. hxg6 Kf8 42. Rc7 Ne8 43. Rf7+ Kg8 44. e5 Ng7 45. g4 Ne8 46. Ra7 Kf8 47. Kf3 a4 48. Ke4 b3 49. axb3 axb3 50. Kd3 b2 51. Kc2 Ng7 52. Kxb2 Ne8 53. Kc3 1-0

[Event "MNT-chT"]
[Site "Montenegro"]
[Date "2017.09.23"]
[Round "1.5"]
[White "Maric, Bozo"]
[Black "Cirovic, Miroljub"]
[Result "1/2-1/2"]
[WhiteElo "2228"]
[BlackElo "2112"]
[PlyCount "32"]
[EventDate "2017.09.23"]
[EventType "team"]
[EventRounds "9"]
[EventCountry "MNE"]
[SourceTitle "CBM 180 Extra"]
[Source "ChessBase"]
[SourceDate "2017.10.06"]
[SourceVersion "1"]
[SourceVersionDate "2017.10.06"]
[SourceQuality "1"]
[WhiteTeam "Mimoza"]
[BlackTeam "Elektroprivreda"]
[WhiteTeamCountry "MNE"]
[BlackTeamCountry "MNE"]

1. d4 Nf6 2. Nf3 e6 3. e3 c5 4. Bd3 cxd4 5. exd4 b6 6. 0-0 Bb7 7. Re1 Be7 8. Nbd2 d6 9. Nf1 Nbd7 10. Ng3 0-0 11. a4 a6 12. c3 Re8 13. Bc2 Qc7 14. Ng5 h6 15. Nh3 Bf8 16. Nf4 e5 1/2-1/2

[Event "MNT-chT1"]
[Site "Mojkovac"]
[Date "2016.09.10"]
[Round "2.3"]
[White "Maric, Bozo"]
[Black "Husovic, Nusret"]
[Result "1-0"]
[WhiteElo "2210"]
[BlackElo "1927"]
[PlyCount "75"]
[EventDate "2016.09.09"]
[EventType "team-tourn"]
[EventRounds "9"]
[EventCountry "MNE"]
[SourceTitle "EXT 2017"]
[Source "ChessBase"]
[SourceDate "2016.10.25"]
[SourceVersion "1"]
[SourceVersionDate "2016.10.25"]
[SourceQuality "1"]

1. d4 d5 2. c4 Nf6 3. cxd5 Nxd5 4. Nf3 Bg4 5. e4 Bxf3 6. gxf3 Nb6 7. Nc3 e6 8. Be3 Bb4 9. Qb3 Bxc3+ 10. bxc3 0-0 11. Rg1 Kh8 12. a4 a5 13. Bb5 Qf6 14. Ke2 Qe7 15. Rg3 c6 16. Bd3 N8d7 17. Rag1 Rg8 18. Rh3 e5 19. f4 Qe6 20. Qxe6 fxe6 21. Bc2 exf4 22. e5 g6 23. Bxf4 Nd5 24. Bd2 Nf8 25. c4 Ne7 26. Bg5 Nf5 27. Bxf5 exf5 28. Bf6+ Rg7 29. Rb3 Rb8 30. Rgb1 b5 31. cxb5 Ne6 32. Ke3 c5 33. dxc5 f4+ 34. Kf3 Nd4+ 35. Kxf4 Nxb3 36. Rxb3 Kg8 37. Bxg7 Kxg7 38. c6 1-0

[Event "MNT-chT1"]
[Site "Bar"]
[Date "2015.09.30"]
[Round "5"]
[White "Popadic, Dragan"]
[Black "Maric, Bozo"]
[Result "1-0"]
[WhiteElo "2203"]
[BlackElo "2239"]
[PlyCount "96"]
[EventDate "2015.09.26"]
[EventType "team-tourn"]
[EventRounds "9"]
[EventCountry "MNE"]
[SourceTitle "EXT 2017"]
[Source "ChessBase"]
[SourceDate "2016.10.25"]
[SourceVersion "1"]
[SourceVersionDate "2016.10.25"]
[SourceQuality "1"]

1. e4 c5 2. Nc3 a6 3. a4 Nc6 4. Bc4 e6 5. Nf3 Nf6 6. Qe2 Nd4 7. Nxd4 cxd4 8. Nb1 d5 9. exd5 Nxd5 10. 0-0 Be7 11. d3 0-0 12. Nd2 b6 13. Nf3 Bf6 14. Qe4 Bb7 15. Nxd4 Qc7 16. Nf3 Rac8 17. Qe2 Nf4 18. Bxf4 Qxf4 19. c3 Rc5 20. Qd2 Qg4 21. Ne1 Rh5 22. f3 Qg6 23. d4 Bg5 24. f4 Bd8 25. Be2 Rh6 26. Bf3 Bxf3 27. Nxf3 Qh5 28. g3 Bc7 29. Rae1 Rd8 30. Qe2 Qa5 31. Ra1 Rg6 32. Ne5 Bxe5 33. Qxe5 Qd5 34. Qxd5 exd5 35. Rfe1 Kf8 36. Re5 Rgd6 37. Kf2 f6 38. Re3 Re8 39. Rae1 Rxe3 40. Rxe3 b5 41. axb5 axb5 42. Ke2 Kf7 43. Kd2 g6 44. Kc2 Ra6 45. Re1 h5 46. h3 Ra4 47. Kb3 Rc4 48. Ra1 b4 1-0

[Event "BIH-chT Seniors"]
[Site "Mosko"]
[Date "2015.08.18"]
[Round "9"]
[White "Maric, Bozo"]
[Black "Pavlovic, Dejan S"]
[Result "1/2-1/2"]
[WhiteElo "2224"]
[BlackElo "2402"]
[PlyCount "20"]
[EventDate "2015.08.10"]
[EventType "team-tourn"]
[EventRounds "9"]
[EventCountry "BIH"]
[SourceTitle "EXT 2016"]
[Source "ChessBase"]
[SourceDate "2015.10.08"]
[SourceVersion "1"]
[SourceVersionDate "2015.10.08"]
[SourceQuality "1"]

1. d4 d5 2. c4 c6 3. cxd5 cxd5 4. Nc3 Nf6 5. Nf3 Nc6 6. Bf4 a6 7. e3 Bg4 8. Be2 e6 9. 0-0 Bd6 10. Bxd6 Qxd6 1/2-1/2

[Event "BIH-chT Seniors"]
[Site "Mosko"]
[Date "2015.08.17"]
[Round "8"]
[White "Stojanovic, Marko"]
[Black "Maric, Bozo"]
[Result "1-0"]
[WhiteElo "2268"]
[BlackElo "2224"]
[PlyCount "59"]
[EventDate "2015.08.10"]
[EventType "team-tourn"]
[EventRounds "9"]
[EventCountry "BIH"]
[SourceTitle "EXT 2016"]
[Source "ChessBase"]
[SourceDate "2015.10.08"]
[SourceVersion "1"]
[SourceVersionDate "2015.10.08"]
[SourceQuality "1"]

1. e4 d6 2. d4 g6 3. Be3 Nf6 4. f3 c6 5. Qd2 Nbd7 6. Nc3 b5 7. a4 Qa5 8. b4 Qxb4 9. axb5 c5 10. Ra4 Qb2 11. Nd1 Qb1 12. Bd3 Nb6 13. c4 Qb3 14. Bc2 Qxa4 15. Bxa4 Nxa4 16. Qa5 Nb6 17. dxc5 dxc5 18. Bxc5 Nxc4 19. Qa4 Ne5 20. Bd4 Nfd7 21. b6 Nd3+ 22. Kd2 e5 23. Qc6 Bb4+ 24. Bc3 Bxc3+ 25. Nxc3 0-0 26. Qxa8 N7c5 27. bxa7 Nb3+ 28. Ke3 Nb4 29. Qb8 Nc2+ 30. Kf2 1-0

[Event "BIH-chT Seniors"]
[Site "Mosko"]
[Date "2015.08.16"]
[Round "7"]
[White "Miljkovic, Milan"]
[Black "Maric, Bozo"]
[Result "1/2-1/2"]
[WhiteElo "2167"]
[BlackElo "2224"]
[PlyCount "105"]
[EventDate "2015.08.10"]
[EventType "team-tourn"]
[EventRounds "9"]
[EventCountry "BIH"]
[SourceTitle "EXT 2016"]
[Source "ChessBase"]
[SourceDate "2015.10.08"]
[SourceVersion "1"]
[SourceVersionDate "2015.10.08"]
[SourceQuality "1"]

1. e4 d6 2. Nf3 Nf6 3. Nc3 g6 4. d4 Bg7 5. Bc4 0-0 6. h3 Nxe4 7. Bxf7+ Rxf7 8. Nxe4 d5 9. Nc5 b6 10. Nd3 Nc6 11. c3 Qd6 12. 0-0 Ba6 13. Ng5 Rff8 14. f4 Bh6 15. Re1 Bxg5 16. fxg5 Bxd3 17. Qxd3 e5 18. Be3 e4 19. Qd2 Nd8 20. Rf1 Ne6 21. Rf6 Rae8 22. Qf2 Qe7 23. Rf1 Qd7 24. Kh1 Qe7 25. g4 c5 26. h4 cxd4 27. cxd4 Qd7 28. h5 Rxf6 29. gxf6 Rf8 30. hxg6 hxg6 31. Kg2 Rf7 32. b3 Rh7 33. Rh1 Qc7 34. Rxh7 Qxh7 35. Qg3 Qc7 36. Qxc7 Nxc7 37. g5 Kf7 38. Kg3 Nb5 39. a4 Nc3 40. Kf4 Ke6 41. Bf2 Ne2+ 42. Ke3 Nc1 43. b4 Nd3 44. b5 Nb2 45. Bg3 Nxa4 46. Bb8 Nc3 47. Bxa7 Nxb5 48. Bxb6 Nd6 49. Bc5 Nf7 50. Kf4 e3 51. Bb4 Kd7 52. Be1 Ke6 53. Bb4 1/2-1/2

[Event "MNT-chT"]
[Site "Cetinje"]
[Date "2013.07.02"]
[Round "9.5"]
[White "Podlesnik, Bogdan"]
[Black "Maric, Bozo"]
[Result "1-0"]
[WhiteElo "2381"]
[BlackElo "2230"]
[PlyCount "71"]
[EventDate "2013.06.24"]
[EventType "team-tourn"]
[EventRounds "9"]
[EventCountry "MNE"]
[SourceTitle "CBM 155 Extra"]
[Source "ChessBase"]
[SourceDate "2013.08.26"]
[SourceVersion "1"]
[SourceVersionDate "2013.08.26"]
[SourceQuality "1"]
[WhiteTeam "Bemax"]
[BlackTeam "Bijela Kruso Niskogradnja"]
[WhiteTeamCountry "MNE"]
[BlackTeamCountry "MNE"]

1. e4 d6 2. d4 Nf6 3. Nc3 e5 4. Nf3 Nbd7 5. Bc4 Be7 6. 0-0 0-0 7. Re1 Nb6 8. Bf1 exd4 9. Nxd4 Nfd7 10. a4 a5 11. f4 Bf6 12. b3 Re8 13. g3 Nc5 14. Bg2 Bg4 15. Qd2 Qd7 16. Bb2 Na6 17. Rab1 Nb4 18. Nd1 c5 19. Nb5 Bxb2 20. Rxb2 d5 21. Nf2 f5 22. c3 Na6 23. Nxg4 fxg4 24. exd5 c4 25. Rxe8+ Rxe8 26. Qf2 Qd8 27. bxc4 Nxa4 28. Re2 Rxe2 29. Qxe2 N4c5 30. d6 a4 31. Bd5+ Kf8 32. Qxg4 g6 33. Qe2 Qf6 34. Qe5 Kg7 35. Qe7+ Qxe7 36. dxe7 1-0

[Event "MNT-chT"]
[Site "Cetinje"]
[Date "2013.06.25"]
[Round "2.4"]
[White "Maric, Bozo"]
[Black "Pajkovic, Vladimir"]
[Result "1/2-1/2"]
[WhiteElo "2230"]
[BlackElo "2426"]
[PlyCount "87"]
[EventDate "2013.06.24"]
[EventType "team-tourn"]
[EventRounds "9"]
[EventCountry "MNE"]
[SourceTitle "CBM 155 Extra"]
[Source "ChessBase"]
[SourceDate "2013.08.26"]
[SourceVersion "1"]
[SourceVersionDate "2013.08.26"]
[SourceQuality "1"]
[WhiteTeam "Bijela Kruso Niskogradnja"]
[BlackTeam "Buducnost"]
[WhiteTeamCountry "MNE"]
[BlackTeamCountry "MNE"]

1. d4 d5 2. c4 c6 3. Nf3 Nf6 4. Nc3 dxc4 5. a4 e6 6. e3 c5 7. Bxc4 Nc6 8. 0-0 Be7 9. Qe2 cxd4 10. Rd1 e5 11. exd4 exd4 12. Be3 Bg4 13. Bb5 0-0 14. Bxc6 bxc6 15. Bxd4 Qc7 16. h3 Be6 17. Rac1 Rfe8 18. Qa6 Qc8 19. Qf1 Qb7 20. Ne5 Red8 21. Qe2 Rac8 22. Ng4 Nxg4 23. hxg4 c5 24. Be5 Qc6 25. Nb5 Qa6 26. Qe4 Qb6 27. Rxd8+ Bxd8 28. Nd6 Rc6 29. Nf5 f6 30. Nd4 Rc8 31. Bf4 Bf7 32. Nb5 Qc6 33. Qxc6 Rxc6 34. Nxa7 Ra6 35. Rxc5 g5 36. Rc8 Rxa7 37. Rxd8+ Kg7 38. Bd2 Rxa4 39. f3 Ra1+ 40. Kf2 Rd1 41. Ba5 Rxd8 42. Bxd8 Bb3 43. Ke3 Kg6 44. Kd3 1/2-1/2

[Event "MNT-chT"]
[Site "Tivat"]
[Date "2011.10.16"]
[Round "9.5"]
[White "Popadic, Dragan"]
[Black "Maric, Bozo"]
[Result "1/2-1/2"]
[WhiteElo "2240"]
[BlackElo "2257"]
[PlyCount "20"]
[EventDate "2011.10.08"]
[EventType "team-tourn"]
[EventRounds "9"]
[EventCountry "MNE"]
[SourceTitle "CBM 144 Extra"]
[Source "ChessBase"]
[SourceDate "2011.10.28"]
[SourceVersion "1"]
[SourceVersionDate "2011.10.28"]
[SourceQuality "1"]
[WhiteTeam "Tivat Mimoza"]
[BlackTeam "Herceg Novi Bijela"]
[WhiteTeamCountry "MNE"]
[BlackTeamCountry "MNE"]

1. e4 d6 2. d4 Nf6 3. Nc3 e5 4. Nf3 Nbd7 5. Bc4 Be7 6. 0-0 0-0 7. Re1 c6 8. a4 a5 9. h3 h6 10. Be3 Re8 1/2-1/2

[Event "MNT-chT"]
[Site "Tivat"]
[Date "2011.10.13"]
[Round "6.2"]
[White "Raicevic, Momcilo"]
[Black "Maric, Bozo"]
[Result "1-0"]
[WhiteElo "2379"]
[BlackElo "2257"]
[PlyCount "81"]
[EventDate "2011.10.08"]
[EventType "team-tourn"]
[EventRounds "9"]
[EventCountry "MNE"]
[SourceTitle "CBM 144 Extra"]
[Source "ChessBase"]
[SourceDate "2011.10.28"]
[SourceVersion "1"]
[SourceVersionDate "2011.10.28"]
[SourceQuality "1"]
[WhiteTeam "Bar Mornar"]
[BlackTeam "Herceg Novi Bijela"]
[WhiteTeamCountry "MNE"]
[BlackTeamCountry "MNE"]

1. c4 Nf6 2. g3 g6 3. Bg2 Bg7 4. Nc3 0-0 5. e3 d6 6. Nge2 Nc6 7. 0-0 Bf5 8. d4 Rb8 9. h3 a6 10. b3 e5 11. dxe5 Nxe5 12. Nd4 Bd7 13. Bb2 Re8 14. Rc1 c5 15. Nde2 Bc6 16. e4 Qc7 17. Nd5 Bxd5 18. cxd5 b5 19. Kh2 Qa7 20. Qd2 a5 21. Rfe1 a4 22. f4 Ned7 23. Ng1 axb3 24. axb3 Qa2 25. e5 dxe5 26. Ra1 Qxb3 27. Re3 Qc4 28. fxe5 Nxe5 29. Bxe5 Rxe5 30. Rxe5 Ng4+ 31. hxg4 Bxe5 32. Rc1 Qxg4 33. Ne2 Qh4+ 34. Kg1 Bxg3 35. Nxg3 Qxg3 36. Rxc5 b4 37. d6 b3 38. d7 b2 39. d8Q+ Kg7 40. Q2d4+ Kh6 41. Q8h4+ 1-0

[Event "MNT-chT"]
[Site "Tivat"]
[Date "2011.10.09"]
[Round "2.4"]
[White "Kalezic, Blazo"]
[Black "Maric, Bozo"]
[Result "1-0"]
[WhiteElo "2461"]
[BlackElo "2257"]
[PlyCount "114"]
[EventDate "2011.10.08"]
[EventType "team-tourn"]
[EventRounds "9"]
[EventCountry "MNE"]
[SourceTitle "CBM 144 Extra"]
[Source "ChessBase"]
[SourceDate "2011.10.28"]
[SourceVersion "1"]
[SourceVersionDate "2011.10.28"]
[SourceQuality "1"]
[WhiteTeam "Podgorica Buducnost"]
[BlackTeam "Herceg Novi Bijela"]
[WhiteTeamCountry "MNE"]
[BlackTeamCountry "MNE"]

1. e4 d6 2. d4 Nf6 3. Nc3 g6 4. Be3 c6 5. f3 Qa5 6. Qd2 Nbd7 7. g4 Bg7 8. Nge2 b5 9. h4 Nb6 10. b3 h5 11. g5 Nfd7 12. Bg2 0-0 13. 0-0 e5 14. a3 Bb7 15. f4 Rfe8 16. dxe5 dxe5 17. f5 Rad8 18. Qe1 Nc8 19. Qf2 Qc7 20. Ng3 Ndb6 21. Nce2 Nd6 22. Nc1 Nd7 23. Nd3 a6 24. a4 Kh7 25. a5 c5 26. Nxc5 Nxc5 27. Bxc5 Rc8 28. b4 Nc4 29. Rad1 Rcd8 30. Rd3 Bc6 31. Kh2 Kg8 32. Bh3 Rd4 33. Qe2 Nb2 34. Rdf3 Nc4 35. fxg6 fxg6 36. Bxd4 exd4 37. Rf7 Qe5 38. R7f6 Bxf6 39. Rxf6 Bxe4 40. Bg2 Bxg2 41. Rxg6+ Kf7 42. Qxh5 Ke7 43. Kxg2 Ne3+ 44. Kh3 Qd5 45. Qe2 Rf8 46. Rf6 Rxf6 47. gxf6+ Kf7 48. Kh2 Kxf6 49. c3 Nf5 50. Nxf5 d3 51. Qf2 Qxf5 52. Kg3 d2 53. Qxd2 Kg6 54. Qd6+ Kh7 55. Qd4 Qf8 56. Kg4 Qf7 57. Qe4+ Kg7 1-0